00682nam a22002297a 45000010008000000030004000080050017000120080041000290100017000700200015000870400018001020500024001200820025001441000031001692450103002002500028003032600059003313000027003905210023004175410006004405620006004462906405OSt20140310181715.0870417s1986 ph 000 0 eng  a 87711827  a9711706164 aDLCcDLCdDLC00aPN 5424b.Of33 1984 aFIL 070.4 bOf6 19862 aPineda-Ofreneo, Rosalinda.14aThe manipulated press :ba history of Philippine jouralism since 1945 /cRosalinda Pineda-Ofreneo. a2nd ed. rev. & updated. aMetro Manila, Philippines :bSolar Pub. Corp.,cc1986. axvii, 284 p. ;c22 cm. aBasic Ed. Students j1 e1